Sports Quiz

Random Sports Quiz
Score 0/68 Timer 10:00
0 Plays Today
% Correct
1991
96.8%
2017
93%
2014
93%
1977
92.4%
2013
91.8%
1986
91.1%
1999
91.1%
2007
91.1%
2004
89.9%
1990
89.2%
2010
89.2%
2003
88.6%
2006
88.6%
2001
88.6%
2018
88.6%
1985
88%
2005
88%
2015
87.3%
1971
86.1%
1989
86.1%
1961
85.4%
1981
85.4%
2009
85.4%
1992
84.8%
1979
84.2%
1975
84.2%
1959
82.9%
1976
82.9%
1955
81.6%
1954
81.6%
1970
81%
1957
81%
1965
81%
1968
79.7%
% Correct
1960
79.7%
2016
79.1%
1951
78.5%
1973
78.5%
1974
78.5%
1982
77.2%
2012
76.6%
1972
75.9%
1964
75.9%
1994
75.9%
1987
74.1%
2011
74.1%
1956
73.4%
1969
73.4%
1980
72.8%
1996
72.8%
2002
72.8%
2000
72.8%
1984
72.2%
1995
72.2%
1950
70.9%
2008
70.9%
1983
70.3%
1978
70.3%
1967
69.6%
1963
69%
1997
69%
1998
68.4%
1958
67.7%
1988
67.7%
1953
65.8%
1993
65.2%
1966
63.3%
1952
62.7%
Remove Ads.
Support Sporcle.
Get the best of Sporcle when you Go Orange. This ad-free experience offers more features, more stats, and more fun while also helping to support Sporcle. Thank you for becoming a member.

You're not logged in!

Compare scores with friends on all Sporcle quizzes.
OR
Log In

Show Comments

Extras

Created Dec 9, 2018ReportNominate
Tags:car, Ferrari

Top Quizzes Today


Score Distribution

Your Account Isn't Verified!

In order to create a playlist on Sporcle, you need to verify the email address you used during registration. Go to your Sporcle Settings to finish the process.

Report this User

Report this user for behavior that violates our Community Guidelines.

Details: